000
00187 a2200097 4500
001
23954
100
_a
Young, G
245
_a
Rommel
260
_a
_b
Collins
_c
1967
090
_c
16216
_d
16216
942
_a
NUST-CAE
_c
M
_c
6910
999
_c
259027
_d
259027